000 00399nam a22001337a 4500
008 200317b ||||| |||| 00| 0 eng d
082 _a615.19 HAP
100 _aHajare, Ashok A.
245 _aPhysical Pharmaceutics-1
250 _a2nd
_b2019
260 _aNew Delhi
_bNirali Prakashan
650 _aPharmaceutics- Drug Delivery Systems,Pharmaceutical Engineering regulraty Science
942 _2ddc
_cBK
999 _c8552
_d8552